Semper dolens : historia del suicidio en occidente /

Salvato in:
Dettagli Bibliografici
Autore principale: Andrés, Ramón (autor)
Natura: Libro
Lingua:spagnolo
Pubblicazione: Barcelona, España : Acantilado, 2015, c2015
Serie:(El Acantilado ; 320)
Soggetti:
Tags: Aggiungi Tag
Nessun Tag, puoi essere il primo ad aggiungerne!!

MARC

LEADER 00000nam^a2200000^a^4500
001 000400777
005 20250521000000.0
009 20260310121628.039
020 |a 978-84-16011-67-4 
037 |a Acervo ITESO - Biblioteca 
041 |a ESP 
082 |a 394. 8  |b AND 
100 |a Andrés, Ramón  |e (autor) 
245 1 0 |a Semper dolens :  |b historia del suicidio en occidente /  |c R. Andrés. 
264 4 |a Barcelona, España :  |b Acantilado,  |c 2015, c2015 
300 |a 498 p., [30 láminas] 
336 |a texto  |b txt  |2 rdacontenido 
337 |a sin mediación  |b n  |2 rdamedio 
338 |a volumen  |b nc  |2 rdasoporte 
440 4 |a (El Acantilado ;  |v 320) 
649 |a XX 
650 |a Suicidio -  |x Historia -  |x Tema Principal 
650 |a Suicidio -  |x Aspectos Sociales y Culturales 
650 |a Muerte -  |x Aspectos Sociales y Culturales 
650 |a Trastornos de Conducta 
650 |a Prácticas Culturales 
650 |a Psicología 
650 |a Sociología de la Cultura 
910 |a Fondo General 
920 |a Impresos - Libros 
930 |a Colección General 
905 |a 101 
901 |a 0500296026  |b IT1  |c ACC  |i c153874  |u 20250521 
902 |a https://opac.biblio.iteso.mx/vufind/Record/000400777